| 000 | 00471nam a22001577a 4500 | ||
|---|---|---|---|
| 999 |
_c61281 _d61281 |
||
| 005 | 20240125114805.0 | ||
| 008 | 240125s2018 enk||||| |||| 00| 0 eng d | ||
| 020 | _a9781949855029 | ||
| 041 | _aeng | ||
| 080 | _a514.112(076.1) H-65 | ||
| 245 |
_aHigh School Geometry Practice / _bGet Digital Access to. 2 Geometry Practice Test. |
||
| 264 |
_aPiscataway, _c2018. |
||
| 300 |
_a142 p. ; _b28 cm. |
||
| 653 | _aგეომეტრია | ||
| 942 |
_2udc _cᲬᲘᲒᲜᲘ |
||